| 000 | 00787nam a2200193 a 4500 | ||
|---|---|---|---|
| 001 | 000042585 | ||
| 005 | 20201002040244.0 | ||
| 008 | 140128s2013 dr ab 000 0 spa d | ||
| 020 | _a9789945009408 | ||
| 040 |
_aDO-SdBNP _bspa _cBNPHU |
||
| 100 | 1 |
_aSantana, Rafael _919662 |
|
| 245 | 1 | 0 |
_aJuntas descentralizadas y empoderamiento comunitario / _cRafael Santana, Martín Santos. |
| 246 | 1 |
_aJuntas descentralizadas y empoderamiento comunitario _bjornada escolar extendida: tiempo en cantidad y en calidad |
|
| 260 |
_aConcepción de La Vega, República Dominicana : _b[s.d.], _c2013. _fPolar |
||
| 300 |
_a234 p. ; _c21 cm. |
||
| 500 | _aIncluye datos biografícos del autor | ||
| 590 | _aLa biblioteca posee 2 ejemplares autografíados por el autor | ||
| 700 | 1 |
_aSantos, Martín _969837 |
|
| 999 |
_c42074 _d42074 |
||